Catalog

Record Details

Catalog Search



The pigeon has to go to school!  Cover Image Book Book

The pigeon has to go to school! / words and pictures by Mo Willems.

Willems, Mo, (author,, illustrator.).

Summary:

The pigeon must go to school, but frets about math, learning the alphabet, heavy backpacks, and what the teacher and other birds will think of him.

Record details

  • ISBN: 9781368046459
  • ISBN: 1368046452
  • Physical Description: 1 volume (unpaged) : color illustrations ; 24 cm
  • Edition: First edition.
  • Publisher: New York : Hyperion Books for Children, an imprint of Disney Book Group, [2019]
Subject: First day of school > Juvenile fiction.
Fear > Juvenile fiction.
Schools > Juvenile fiction.
Pigeons > Juvenile fiction.
Birds > Juvenile fiction.
Genre: Humorous fiction.
Picture books.

Available copies

  • 0 of 1 copy available at scottsboropl.

Holds

  • 0 current holds with 1 total copy.
Show Only Available Copies
Location Call Number / Copy Notes Barcode Shelving Location Status Due Date
scottsboropl E Wil 32269001144107 Juvenile - Easy Checked out 04/25/2026

LDR 01523nam a2200397 i 4500
001153450
003CONS
00520200211065834.0
008180911t20192019nyua b 000 1 eng
010 . ‡a 2018033135
020 . ‡a9781368046459 ‡q(hardcover)
020 . ‡a1368046452 ‡q(hardcover)
035 . ‡a(CPomAG)LMN615897
042 . ‡apcc ‡alcac
05000. ‡aPZ7.W65535 ‡bPij 2019
08200. ‡a[E] ‡223
1001 . ‡aWillems, Mo, ‡eauthor, ‡eillustrator.
24514. ‡aThe pigeon has to go to school! / ‡cwords and pictures by Mo Willems.
250 . ‡aFirst edition.
264 1. ‡aNew York : ‡bHyperion Books for Children, an imprint of Disney Book Group, ‡c[2019]
300 . ‡a1 volume (unpaged) : ‡bcolor illustrations ; ‡c24 cm
336 . ‡atext ‡btxt ‡2rdacontent
336 . ‡astill image ‡bsti ‡2rdacontent
337 . ‡aunmediated ‡bn ‡2rdamedia
338 . ‡avolume ‡bnc ‡2rdacarrier
520 . ‡aThe pigeon must go to school, but frets about math, learning the alphabet, heavy backpacks, and what the teacher and other birds will think of him.
650 0. ‡aFirst day of school ‡vJuvenile fiction.
650 0. ‡aFear ‡vJuvenile fiction.
650 0. ‡aSchools ‡vJuvenile fiction.
650 0. ‡aPigeons ‡vJuvenile fiction.
650 0. ‡aBirds ‡vJuvenile fiction.
655 7. ‡aHumorous fiction. ‡2lcgft
655 7. ‡aPicture books. ‡2lcgft
914 . ‡aSCP_LP
959 . ‡i32269001144107 ‡lE Wil ‡aJuvenile - Easy ‡tHardback ‡g20.00
852 . ‡p32269001144107 ‡jE Wil ‡gJuvenile - Easy ‡cHardback ‡y20.00 ‡bSBPL
901 . ‡a153450 ‡bUnknown ‡c153450 ‡tbiblio

Additional Resources